The First 100 Words of Pride and Prejudice - Statistics

General Stats
  • This quiz has been taken 2,250 times
  • The average score is 52 of 100
Answer Stats
Answer % Correct
a
99%
is
89%
be
87%
in
84%
It
84%
the
83%
man
81%
of
80%
that
78%
he
74%
wife.
67%
to
64%
you
64%
on
61%
want
59%
must
56%
truth
54%
good
53%
so
52%
fortune,
51%
his
51%
Mr.
50%
not.
48%
possession
48%
universally
48%
acknowledged,
46%
Bennet,"
45%
Bennet
45%
said
45%
"have
43%
at
42%
single
42%
"My
39%
one
39%
him
38%
as
37%
day,
37%
"But
36%
had
36%
known
36%
or
34%
their
33%
lady
31%
well
30%
let
29%
daughters.
28%
dear
27%
heard
27%
last?"
26%
may
23%
Netherfield
23%
some
22%
such
21%
Park
20%
first
18%
other
18%
replied
18%
little
17%
However
16%
neighborhood,
16%
minds
13%
property
13%
considered
12%
families,
12%
feelings
12%
rightful
11%
entering
10%
fixed
10%
surrounding
10%
views
9%
No matching quizzes found
Score Distribution
Percent of People with Each Score
Percentile by Number Answered
Your Score History
You have not taken this quiz